000
00246nam a2200097Ia 4500
001
683111
005
20250826161431.0
008
250824s9999 xx 000 0 und d
245
0
_a
MASKELER VE YÜZLER
_c
MUSTAFA ARMAĞAN
260
_b
TİMAŞ YAYINLARI
999
_c
683111
_d
683111